Największe miasta łódzkiego kończące się A-Z - Statystyki

Ogólne statystyki
  • Ten quiz został rozwiązany 18 razy
    4 od ostatniego zresetowania
  • Średni wynik to 11 z 13
Statystyki odpowiedzi
Litera Populacja w przybliżeniu Miasto % Poprawnych
W 50 tys. Bełchatów
100%
Ź 650 tys. Łódź
100%
E 60 tys. Pabianice
100%
O 40 tys. Radomsko
100%
I 60 tys. Tomaszów Mazowiecki
100%
A 40 tys. Zduńska Wola
100%
Y 12 tys. Brzeziny
75%
K 16 tys. Łask
75%
D 1,5 tys. Ujazd
75%
Ń 20 tys. Wieluń
75%
Z 55 tys. Zgierz
75%
C 1 tys. Bolesławiec
50%
N 7,5 tys. Żychlin
50%
Nie znaleziono quizów pasujących do podanych kryteriów
Rozkład punktacji
Procent ludzi z każdym wynikiem
Percentyl według liczby udzielonych odpowiedzi
Twoja historia wyników
Nie rozwiązałeś tego quizu od ostatniego zresetowania